Berühmte Deutsche nach Geburtsjahr 1940-1959 - Statistiken

Allgemein
  • Dieses Quiz wurde 98 mal gespielt
  • Das Durchschnittsergebnis liegt bei 14 aus 20
Antwortstatistiken
Jahr Hinweis Person % Korrekt
1945 Fußball-Kaiser Franz Beckenbauer
100%
1954 Bundeskanzlerin Angela Merkel
99%
1950 Längstdienender "Wetten, dass..?"-Moderator, "Supernase" Thomas Gottschalk
95%
1946 Rocksänger mit Sonnenbrille und Hut Udo Lindenberg
93%
1948 Friesenjung Otto Waalkes
84%
1952 Fußballweltmeister und FC Bayern-Ehrenpräsident Uli Hoeneß
82%
1947 Sänger von Kinderlieder ("In der Weihnachtsbäckerei") Rolf Zuckowski
78%
1940 Bundespräsident von 2012-2017 Joachim Gauck
76%
1956 WWM-Moderator Günther Jauch
73%
1959 Entertainerin, Bühnenpartnerin von Dirk Bach und Hugo Egon Balder Hella von Sinnen
71%
1951 Komiker ("Mein Gott, Walther"), "Supernase" Mike Krüger
71%
1955 "Godmother of Punk" Nina Hagen
71%
1942 Feministische Publizistin (Emma) Alice Schwarzer
69%
1957 Früherer Late Night-Showhost Harald Schmidt
63%
1949 Erfolgreicher Fußballtrainer, CL-Sieger mit dem BVB und Bayern Ottmar Hitzfeld
57%
1958 Bestsellerautorin ("Tintenwelt") Cornelia Funke
45%
1944 Berühmter Modedesigner Wolfgang Joop
45%
1941 Regisseur ("Das Boot", " Die unendliche Geschichte") Wolfgang Petersen
35%
1943 Schauspielerin und Sängerin ("Zwei kleine Italiener") Cornelia Froboess
30%
1953 Schauspieler ("Männer", "Willkommen bei den Hartmanns") Heiner Lauterbach
30%
Keine übereinstimmenden Quizze gefunden
Verteilung der Resultate
Anzahl Personen mit jedem Resultat
Perzentil nach korrekt beantworteten Fragen
Ihre Resultats-Entwicklung
Sie haben dieses Quiz noch nicht gespielt